书目信息 |
| 题名: |
机器学习导论
|
|
| 作者: | 库巴特 著 ;王勇 , 仲国强 , 孙鑫 译 | |
| 分册: | ||
| 出版信息: | 北京 机械工业出版社 2016.11 |
|
| 页数: | 309页 | |
| 开本: | 24cm | |
| 丛书名: | ||
| 单 册: | ||
| 中图分类: | TP181 | |
| 科图分类: | ||
| 主题词: | 机器学习--研究 | |
| 电子资源: | ||
| ISBN: | 978-7-111-54868-3 | |
| 000 | 01051nam0 2200289 450 | |
| 001 | 0400002398 | |
| 005 | 20171021092516.0 | |
| 010 | @a978-7-111-54868-3@dCNY79.00 | |
| 100 | @a20170215e2016 em y0chiy50 ea | |
| 101 | 1 | @achi@ceng |
| 102 | @aCN@b110000 | |
| 105 | @aa z 000yy | |
| 106 | @ar | |
| 200 | 1 | @a机器学习导论@9ji qi xue xi dao lun@dAn itroduction to machine learning@f(美)米罗斯拉夫·库巴特(Miroslav Kubat)著@g王勇,仲国强,孙鑫译@zeng |
| 210 | @a北京@c机械工业出版社@d2016.11 | |
| 215 | @a309页@c图@d24cm | |
| 305 | @a由Springer授权出版发行 | |
| 330 | @a全书共14章。内容包括:一个简单的机器学习任务、人工神经网络、决策树、计算学习理论、几个有帮助的案例、性能评估、遗传算法等。 | |
| 510 | 1 | @aIntroduction to machine learning@zeng |
| 606 | 0 | @a机器学习@x研究 |
| 690 | @aTP181@v5 | |
| 701 | 0 | @c(美)@a库巴特@9ku ba te@c(Kubat, Miroslav)@4著 |
| 702 | 0 | @a王勇@9wang yong@4译 |
| 702 | 0 | @a仲国强@9zhong guo qiang@4译 |
| 702 | 0 | @a孙鑫@9sun xin@4译 |
| 801 | 0 | @aCN@b91MARC@c20171021 |
| 905 | @b1022084-8@dTP181@f5@e111 | |
| 机器学习导论=An itroduction to machine learning/(美)米罗斯拉夫·库巴特(Miroslav Kubat)著/王勇,仲国强,孙鑫译.-北京:机械工业出版社,2016.11 |
| 309页:图;24cm |
| ISBN 978-7-111-54868-3:CNY79.00 |
| 全书共14章。内容包括:一个简单的机器学习任务、人工神经网络、决策树、计算学习理论、几个有帮助的案例、性能评估、遗传算法等。 |
| ● |
| 相关链接 |
|
|
|
|
正题名:机器学习导论
索取号:TP181/111
 
预约/预借
| 序号 | 登录号 | 条形码 | 馆藏地/架位号 | 状态 | 备注 |
| 1 | 1022084 | 210220848 | 第三借阅区/ [索取号:TP181/111] | 在馆 | |
| 2 | 1022085 | 210220857 | 密集书库—计算机科学学院/ [索取号:TP181/111] | 在馆 | |
| 3 | 1022086 | 210220866 | 第三借阅区/ [索取号:TP181/111] | 在馆 | |
| 4 | 1022087 | 210220875 | 第三借阅区/ [索取号:TP181/111] | 在馆 | |
| 5 | 1022088 | 210220884 | 第三借阅区/ [索取号:TP181/111] | 在馆 | |
| 6 | 992071 | 209920718 | 第二样本阅览室/ [索取号:TP181/111] | 在馆 | |
| 7 | 992072 | 209920727 | 第三借阅区/ [索取号:TP181/111] | 在馆 | |
| 8 | 992073 | 209920736 | 第三借阅区/ [索取号:TP181/111] | 在馆 | |
| 9 | 992074 | 209920745 | 第三借阅区/ [索取号:TP181/111] | 在馆 |